000 00684nam a2200217Ia 4500
003 GCL
008 140319s9999 xx 000 0 ara d
040 _aGCL /
_cGCL
082 0 4 _a810.809287
_bك ن
100 1 _aكريم عاصى
245 1 0 _aنساء العرب :
_bمواقف- جراة -بلاغة /
_cكريم عاصى
260 _aبيروت :
_bدار الفكر اللبنانى ،
_c1991
300 _a175 ص ؛
_c24 سم
490 _a
650 0 4 _aالشعر العربى
650 0 4 _aالادب العربى
650 0 4 _aدواوين وقصائد
650 0 4 _aالمرأة فى الادب
650 0 4 _aالمرأة فى الاسلام
942 _2ddc
_cBK
999 _c59065
_d59065